[Event "St Petersburg White Nights op"]
[Site "St Petersburg"]
[Date "2007.07.03"]
[Round "9"]
[White "Gnidenko, Andrey"]
[Black "Bystrov, Sergey V"]
[Result "0-1"]
[WhiteElo "2135"]
[BlackElo "2302"]
[PlyCount "62"]
[EventDate "2007.06.25"]
[EventType "swiss"]
[EventRounds "9"]
[EventCountry "RUS"]
[SourceTitle "CBM 119 Extra"]
[Source "ChessBase"]
[SourceDate "2007.09.04"]
[SourceVersion "1"]
[SourceVersionDate "2007.09.04"]
[SourceQuality "1"]

1. d4 d5 2. c4 c6 3. Nc3 Nf6 4. cxd5 cxd5 5. Bg5 Nc6 6. e3 Ne4 7. Nxe4 dxe4 8. Qd2 Qd5 9. Bh4 e5 10. Ne2 exd4 11. exd4 Bb4 12. Nc3 Qxd4 13. Qxd4 Nxd4 14. 0-0-0 Bxc3 15. Bb5+ Kf8 16. bxc3 Ne6 17. Rhe1 g5 18. Bg3 Kg7 19. Rxe4 f5 20. Be5+ Kf7 21. Re2 Rd8 22. Red2 Rxd2 23. Rxd2 Ke7 24. Rd6 Nc7 25. Be2 Be6 26. Bf3 Nb5 27. Rd2 Rc8 28. Kb2 Rc5 29. Re2 Nd6 30. Bd4 Rb5+ 31. Kc1 g4 0-1

[Event "St Petersburg White Nights op"]
[Site "St Petersburg"]
[Date "2007.07.01"]
[Round "7"]
[White "Eliseev, Alexey"]
[Black "Bystrov, Sergey V"]
[Result "1-0"]
[WhiteElo "2429"]
[BlackElo "2302"]
[PlyCount "99"]
[EventDate "2007.06.25"]
[EventType "swiss"]
[EventRounds "9"]
[EventCountry "RUS"]
[SourceTitle "CBM 119 Extra"]
[Source "ChessBase"]
[SourceDate "2007.09.04"]
[SourceVersion "1"]
[SourceVersionDate "2007.09.04"]
[SourceQuality "1"]

1. e4 c5 2. Nf3 Nc6 3. c3 e5 4. Bc4 Qc7 5. Na3 Nf6 6. Nb5 Qb6 7. Ng5 Nd8 8. Qb3 Ne6 9. d3 a6 10. Na3 Qxb3 11. axb3 Rb8 12. 0-0 d6 13. f4 b5 14. fxe5 bxc4 15. exf6 gxf6 16. Nxe6 fxe6 17. bxc4 Be7 18. Nc2 Rb3 19. d4 Bb7 20. d5 e5 21. Ne3 Bc8 22. Rf3 Rg8 23. Kf2 Kf7 24. h3 h5 25. Nf5 Bf8 26. Kf1 Rg6 27. Ra2 Rg8 28. Rf2 Rg6 29. Ke2 Rg8 30. Nh4 Rg3 31. Kd1 Be7 32. Kc2 Rb6 33. Bd2 Kg7 34. Ra1 Bd7 35. b3 Bc8 36. Re2 Kf7 37. Be1 Rg5 38. Rf2 Rg8 39. b4 Ke8 40. Kb3 f5 41. Nxf5 Bxf5 42. Rxf5 Rxg2 43. Bf2 h4 44. b5 axb5 45. Ra8+ Kd7 46. Rf7 Rxf2 47. Rxf2 b4 48. Rfa2 bxc3+ 49. Kxc3 Rb7 50. R2a7 1-0

[Event "St Petersburg White Nights op"]
[Site "St Petersburg"]
[Date "2007.06.30"]
[Round "6"]
[White "Bystrov, Sergey V"]
[Black "Bazeev, German"]
[Result "1-0"]
[WhiteElo "2302"]
[BlackElo "2179"]
[PlyCount "62"]
[EventDate "2007.06.25"]
[EventType "swiss"]
[EventRounds "9"]
[EventCountry "RUS"]
[SourceTitle "CBM 119 Extra"]
[Source "ChessBase"]
[SourceDate "2007.09.04"]
[SourceVersion "1"]
[SourceVersionDate "2007.09.04"]
[SourceQuality "1"]

1. e4 c5 2. g3 e6 3. Bg2 Nc6 4. f4 d5 5. e5 Nh6 6. Nf3 Nf5 7. Nc3 h5 8. a4 h4 9. Ne2 h3 10. Bf1 f6 11. exf6 Qxf6 12. Nc3 Bd7 13. Bb5 Bd6 14. d3 0-0-0 15. 0-0 Qg6 16. Kh1 Rdf8 17. a5 e5 18. Ng5 Nfd4 19. Ba4 exf4 20. Bxf4 Bxf4 21. gxf4 Rh4 22. Nxd5 Qd6 23. c4 Bg4 24. Qe1 Rhh8 25. Qg3 Bf5 26. Rae1 Qg6 27. a6 Re8 28. axb7+ Kxb7 29. Bxc6+ Qxc6 30. Nf7 Rxe1 31. Rxe1 Re8 1-0